Bilecik Bilecik Bilecik Bilecik Bilecik

Ne yapmalı?/ (Record no. 73200)

MARC details
000 -BAŞLIK
Sabit Uzunluktaki Kontrol Alanı 05331nam a22003737a 4500
001 - KONTROL NUMARASI
Control Dosyası 0072445
003 - KONTROL NUMARASI KİMLİĞİ
Kontrol Alanı KOHA_MİRAKIL
005 - EN SON İŞLEM TARİHİ ve ZAMANI
Kontrol Alanı 20260207005055.0
007 - FİZİKSEL TANIM SABİT ALAN - GENEL BİLGİ
Sabit uzunluklu kontrol alanı ta
008 - SABİT UZUNLUKTAKİ VERİ ÖGELERİ - GENEL BİLGİ
Sabit Alan 241206b2010 tu |||gr||||#0|||0|tur |
020 ## - ISBN - ULUSLARARASI STANDART KİTAP NUMARASI
Isbn 6058868807
020 ## - ISBN - ULUSLARARASI STANDART KİTAP NUMARASI
Isbn 9786058868809
040 ## - KATALOGLAMA KAYNAĞI
Özgün Kataloglama Kurumu TR-BiSEU
Kataloglama Dili tur
Çeviri Kurumu TR-BiSEU
Açıklama Kuralları rda
041 0# - DİL KODU
Metin ya da ses kaydının dil kodu tur
044 ## - YAYINLAYAN/ÜRETEN KURULUŞUN ÜLKE KODU
ISO country code tu
050 ## - SINIFLAMA ve YER NUMARASI
Sınıflama Numarası DR603
Yer Numarası .S56 2003
100 1# - KİŞİ ADI
Yazar Adı (Kişi adı) Sinanoğlu, Oktay.
245 1# - ESER ADI BİLDİRİMİ
Başlık Ne yapmalı?/
Sorumluluk Bildirimi Oktay Sinanoğlu ; Oktay Sinanoğlu.
250 ## - BASIM BİLDİRİMİ
Basım Bildirimi 20. Basım
264 #1 - ÜRERİM, YAYIN, DAĞITIM ve TELİF BİLDİRİMİ
Yayın yeri İstanbul :
Yayınlayan Bilim + Gönül
Yayın tarihi 2010
300 ## - FİZİKSEL TANIMLAMA
Sayfa, Cilt vb. VIII, 359 sayfa; 21 cm.
336 ## - İÇERİK TÜRÜ
Content type term metin
Content type code txt
Source rdacontent
337 ## - MEDYA TÜRÜ
Media type term aracısız
Media type code n
Source rdamedia
338 ## - TAŞIYICI TÜRÜ
Carrier type term cilt
Carrier type code nc
Source rdacarrier
505 ## - İÇİNDEKİLER NOTU
İçindekiler Notu BİLİM + GÖNÜL ile 1 GENÇLİĞE SESLENİŞ 5 "ULUSAL BİRLİK
650 #0 - KONU BAŞLIĞI EK GİRİŞ - KONU TERİMİ
Konusal terim veya coğrafi ad Türkiye--Siyaset ve yönetim 1980-.
9 (RLIN) 10621
650 #0 - KONU BAŞLIĞI EK GİRİŞ - KONU TERİMİ
Konusal terim veya coğrafi ad Türkiye--Politika ve idare.
9 (RLIN) 34307
650 #0 - KONU BAŞLIĞI EK GİRİŞ - KONU TERİMİ
Konusal terim veya coğrafi ad Türkiye--Stratejik yönleri.
9 (RLIN) 69508
650 #0 - KONU BAŞLIĞI EK GİRİŞ - KONU TERİMİ
Konusal terim veya coğrafi ad Turkey--Politics and government--1980-.
9 (RLIN) 4976
650 #0 - KONU BAŞLIĞI EK GİRİŞ - KONU TERİMİ
Konusal terim veya coğrafi ad Turkey--Politics and government.
9 (RLIN) 7156
650 #0 - KONU BAŞLIĞI EK GİRİŞ - KONU TERİMİ
Konusal terim veya coğrafi ad Turkey--Strategic aspects.
9 (RLIN) 8410
907 ## - LOCAL DATA ELEMENT G, LDG (RLIN)
a Tarih
942 ## - EK GİRİŞ ÖGELERİ (KOHA)
Source of classification or shelving scheme Library of Congress Classification
Koha item type Book
505 ## - İÇİNDEKİLER NOTU
-- ZAMANIDIR" 9 NE YAPMALI ? 13 TÜRKİYE'NİN BEKASI İÇİN 17
-- Savaş ve Seçim 17 Savaş ve Avrupa'dakiler 19 Çeşitli Ülke
-- Başındakilerin Başa Gelişi 20 Dışarıda Unuttuğumuz Türkler; Ya
-- Irak'takiler? 24 3 Ağustos 2002 Gününü Kimse Unutmasın 26
-- Lozan'a Ne Oldu? 27 ve Avrupa Birliği 29 Avrupalılar AB'den
-- Şikayetçi 30 Tam AB Dağılmak Üzereyken 31 Ankara Sokaklarına O
-- Mavi Levhaları Kim Astırdı? 32 "AB Dağılacak" Diyen Avrupalı
-- Türkiye'ye Ne Diyor? 32 Ne mi Yapmalıyız? 33 a- İç Siyaset ve
-- Ulusal Hâkimiyet 33 b- Dış Siyaset - Türk Kültür Siyaseti 34
-- c- Son Birkaç Yıldır Verilenleri Geri Alacağız 36 d- Sanayi Tarım,
-- İktisat 37 e- Siyaset Yolsuzluk ve Geçim Kaynağı Olmaktan
-- Çıkarılacak 38 f- Evrenkentler 40 KOCATEPE KONUŞMASI 42
-- İngilizce Yalanıyla Uyutulduk 42 Milleti Nasıl Böldüler? 45
-- Sinsi Fetih 47 Ama Türk Milleti Tek vücuttur. Göreceksiniz 48
-- İtalyan Bilim Adamları Karşısında Bir Türk Başbakanı 49
-- Küreselleşme Yalanı 50 Batı'nın Tarihine Altın Harflerle 51
-- İslam Dünyasına, Oradan Batı'ya, Bilim Nereden Geldi 53
-- POLONYALILAŞTIRAMADIKLARIMIZDAN MISINIZ? İngiliz Aydınları
-- Küreselleşme ve Özelleştirmeden Şikâyetçi 56 İrlandalılar,
-- İngilizler ve "Patates Kıtlığı" 61 Bütün Ülkelerde Aynı
-- Küresel Çökertme Planı 61 Parlamenter = Boş Lâf Üreten 64
-- Kabine = Hacethane 67 Tek Diktatörle İşlerini Yürütmek
-- İstiyorlar 67 Destablation 68 Tahterevalli Kuramı 69 BEYİN
-- YIKAMA ÇAMAŞIRHANESİ 72 Avrupa Ülkelerinde Avrupa Birliğinden
-- Memnun Olan Bir Tek Kişiye Rastlamadım 72 Avrupa'da Halk Euro'dan
-- Şikâyetçi 74 Avrupa'da da İşsizlik Kol Geziyor 75 Aklın
-- "Yazılımı" ve "Donanımı" 78 Bir de Kültürel Evrim Var 79
-- Bilimin Küresel Kıraliyetçiler Tarafından Kötüye Kullanılması 80
-- Küresel Kıraliyetçiler Robot İnsan Üretecek 81 İnsan İçin
-- Gerekli Olan Yazılım: Eğitim 82 Milli Eğitim Bakanlığı'nda 60
-- Amerikalı Danışman 83 Sahte Eğitim: Beyin Yıkama
-- Çamaşırhanesi 85 YENİDEN DİRİLİŞ İÇİN TÜRK HANIMLARINA,
-- TÜRK ANALARINA ÇAĞRI 90 Ülkenin Bitirilmesi Gezim (Turizm)
-- Bahanesiyle Nasıl Başladı? 93 Hıristiyanlık Sayesinde mi İlerledi?
-- 95 Batı'nın Yobazları 96 Büyük Türk-Müslüman Devletleri
-- Nasıl Yıkıldı? 97 Toplumsal Tamirat 99 Tarzan Fizikçi
-- Olacakmış(î) 101 Durum Vahim Ama 101 Peki Hanımlar Ne
-- Yapmalı? 103 "Türk Aynştaynı" Günümüzün "Evliya ÇelebP'si
-- Oktay Sinanoğlu 107 Olaylar Matematikseldir 108 Çürümüş
-- Batı H0 Başarı ve Zaman H5 Avrupa'da AB'den Memnun Olan Var Mı?
-- 119 Devletteki Yeni Babı-Ali (Yani "Big Door") 121 Siyaset Geçim
-- Kaynağı Olmaktan Çıkarılmalı 124 Siyaseti Geçim Kaynağı
-- Olmaktan Çıkarmak İçin 127 Kişisel Çıkar Değil Hizmet
-- Aşkı 128 Ömür Boyu Maaş Yok 128 Yetenek.. Ülkeye
-- Bağlılık 129 Yabancılardan Destek, Talimat Almamak 130
-- Başörtüsü için mi Avrupa Birliği'ne? 131 Ya Başörtüsü için
-- AB'ye Girmek İstediklerini Söyleyenler? 132 Menderes, DP Devri
-- Yeniden Yaşanabilir Mi? 134 Devletle Millet, Aydınla Halk 138 Üç
-- Kale 141 AB Komasında Bir Ülke 144 Atatürk'ün Sözleri 148
-- Araba Fıçısı Dünya 151 Gün Olur 155 Savaşın Rüzgârında 158
-- Bir Savaş Nasıl Kaybedilir? -1 162 Bir Savaş Nasıl Kaybedilir? -
-- II 166 Peki Türkler Nerede? 172 Kanmayın Kardeşler, Gelin Birlik
-- Olalım 175 Pazarlık - Birinci Oturum 177 Pazarlık - İkinci
-- Oturum 182 Almanya'daki Türklere Türkçe Engelleniyor, Ama
-- Türkiye'de 188 Fransa'da Gene Başörtüsü Olayı; Ya Türkiye'de 192
-- Beşikten Mezara Dershane 196 Medrese -Dârülfünun -Üniversite -
-- Evrenkent 200 Bilim Ve Teknikle Kalkınma Seferberliği İçin 204
-- Doktora Yapmakta Olan Öğrenciler 208 Doktora İçin Araştırma 212
-- Bilimin Haritası 215 YÖK Garabetinin Kurbanı Yardımcı
-- Doçentlerin Hali 220 SİNANOĞLU GENÇLİĞİNDEN DUYURU 224
-- Prof. Dr. Oktay Sinanoğlu'na Mektuplar, İletiler 228 Prof. Dr. Oktay
-- Sinanoğlu'nun Bilimsel Yayınları 339
Holdings
Materyal Türü Kalıcı Konum Mevcut Konum Sınıflandırma Kaynağı Edinim Bilgisi Ana Konular Alt Konular Yer Numarası Demirbaş Numarası Fatura Tarihi Geri Çekilme Durumu Kayıp Durumu Hasarlı Durumu Kredi için değil Kayıt Tarih Toplam Ödünçverme Son Görülme Tarihi Son Kontrol Tarihi Genel / Bağış Notu
Book BŞEÜ Osmaneli MYO Kütüphanesi BŞEÜ Osmaneli MYO Kütüphanesi Library of Congress Classification Bağış DÜNYA TARİHİ (AVRUPA, ASYA, AFRİKA VB.) Balkan Yarımadası DR603 .S56 2003 0072445 02/02/2026         06/12/2024   18/03/2025 18/03/2025 Mustafa Çakır, Akademisyen